Habemus papam - Statistiques

Statistiques générales
  • Ce quiz a été pris 6 fois
  • Le résultat moyen est 8 sur 19
Statistiques - réponses
Paroles % Correct
habemus
100%
papam.
100%
qui
60%
ac
40%
Annuntio
40%
cardinalem
40%
dominum,
40%
dominum
40%
Ecclesiae
40%
Eminentissimum
40%
gaudium
40%
magnum :
40%
reverendissimum
40%
Sanctae
40%
vobis
40%
imposuit
20%
nomen
20%
Romanae
20%
sibi
20%
Aucun quiz correspondant
Distribution des résultats
% des personnes avec chaque résultat
Percentile par nombre de réponses
Votre historique - résultats
Vous n’avez pas pris ce quiz